| 000 | 00569nam a22001817a 4500 | ||
|---|---|---|---|
| 005 | 20251126180406.0 | ||
| 008 | 251120b |||||||| |||| 00| 0 eng d | ||
| 020 | _a978-93-91208-05-9 | ||
| 041 | _aeng | ||
| 082 | _a615.1 RAJ-T | ||
| 100 |
_aRAJPUT, HAKIM SINGH & SHARMA, DR. UMA SHANKAR AND YADAV, DR. VIMAL KUMAR _98749 |
||
| 245 | _aA TEXT BOOK OF PHARMACY PRACTICE FOR B. PHARMA [7TH SEM] 4TH. YEAR | ||
| 250 | _a1ST ED. 2022 | ||
| 260 |
_aNEW DELHI _bINNOVATIVE PUBLICATIONS PVT LTD _c2023 |
||
| 300 | _a146;P | ||
| 650 |
_aPHARMACY _xB. PHARMA |
||
| 942 | _cBK | ||
| 999 |
_c8921 _d8919 |
||